000 00952cam a2200217 4500
001 WB3744-06
008 011122n2001 000 0 eng u
035 _a(Sirsi) u115705
245 _aUK Economic Brief - Construction
260 _c2001
490 _aUK Economic Brief (RICS)
_vNovember 2001, 6(5)
520 _aReports that the construction industry has reported strong growth this year after a fall off in the second half of 2000. Repair and maintenance sector has been particularly strong with output 3.4% higher in the first six months of the year than in the same period last year. Public sector construction activity surged in the second quarter of the year by 8.2%.
590 _aWB
650 _aCONSTRUCTION OUTPUT
650 _aCONSTRUCTION INDUSTRY
650 _aCOMMERCIAL ORDERS
650 _aPRIVATE HOUSING SECTOR
650 _aPUBLIC SECTOR CONSTRUCTION
690 _aBUILT ENVIRONMENT-CONSTRUCTION MARKET
942 _n0
999 _c68916
_d68916